000 01074nam a2200325Ia 4500
003 OSt
005 20221007124910.0
006 a|||||r|||| 00| 0
007 ta
008 221006b |||||||| |||| 00| 0 eng d
020 _a9783319294476 (hbk)
024 _a199017
037 _b1774, 12/03/2018, Indica Publishers & Distributors Pvt. Ltd.
_cTextual
040 _aCDL
_cCDL
_beng
041 _2eng
_aeng
082 _aE:(B9:6358), Q6 Carc
100 _aVisconti Guido
_9720879
245 0 _aFundamentals of physics and chemistry of the atmospheres
250 _a2
260 _aSwitzerland
_bSpringer
_c2016
300 _axxiii,803p. ill.
_ccm.
500 _aIndex 795-803p.
650 _a Aerosols and clouds
_9720880
650 _a Atmospheric chemistry
_9720881
650 _a Atmospheric motions
_9720882
650 _a Laws of motion
_9720883
650 _aChemistry
942 _hE:(B9:6358), Q6 Carc
_cTEXL
_2CC
999 _c1214339
_d1214339